| 000 | 00888nam a2200265 c 4500 | ||
|---|---|---|---|
| 003 | BLK | ||
| 005 | 20180422115356.0 | ||
| 008 | 180411b bul|||||r ||||||| ||bul|| | ||
| 010 | _aKNG00193818000 | ||
| 040 | _aBLK | ||
| 041 |
_aBUL _cBUL |
||
| 080 |
_aБългарска литература _b821.163.2 _x-1 _z821.163.2-1 |
||
| 100 | 1 |
_aЕвтимов, Евтим Михалушев _eпърви автор _9365147 |
|
| 139 |
_aЕвтимов, Евтим Михалушев _bЕ 22 |
||
| 245 | 1 | 0 |
_aОбич за обич _bСтихотворения _cЕвтим Михалушев Евтимов. |
| 257 | _aBGR | ||
| 260 |
_аСофия _bНар. младеж _c1966 |
||
| 300 |
_a63 с. _c17 см |
||
| 380 | _aX | ||
| 852 | _aЦб І 8360 | ||
| 856 | 4 |
_qpdf _u |
|
| 856 | 4 |
_qpdf _u |
|
| 942 |
_cKNG _n0 |
||
| 944 |
_aCR _c19.10.2016 _kНора_Радева |
||
| 944 |
_aED _c19.10.2016 _kНора_Радева |
||
| 999 |
_c184841 _d184841 |
||